000 00377nam a22001577a 4500
999 _c8831
_d8831
003 OSt
008 200711b ||||| |||| 00| 0 eng d
020 _a9789388293136
100 _aJain,Nishant S.
245 _aPharmacological Screening Methods
250 _a2019
260 _aN Delhi
_bNirali Prakashan
_c2019
300 _a432
650 _aPharmacology
942 _2ddc
_cBK